000 01444nam a2200301 c 4500
003 BLK
005 20180422115646.0
008 180411b bul|||||r ||||||| ||bul||
010 _aKNG00198569000
040 _aBLK
041 _aBUL
_cBUL
080 _aХидротерапия (водотерапия). Балнеолечение. Курортотерапия - Лечение с бани, горещи бани, сауна, хладни бани, речно къпане, влажни фрикции, компреси, с "жива вода"(алкално активирана, с ph 9, 6;курорт
_b615.838
_x
_z615.838
100 1 _aНиколова, Лиляна
_eпърви автор
_9384730
139 _aНиколова, Лиляна
_bН 75
245 1 0 _aБургаски минерални бани
_bНачнопопул. очерк
_cЛиляна Николова.
250 _a2. изд.
257 _aBGR
260 София
_bМедицина и физкултура
_c1985
_fПловдив : Д. Благоев
300 _a76 с.
_bс ил.
_c17 см
380 _a61
500 _a1. изд. 1961 с авт. Лиляна Николова-Касабова
650 4 _aМинерални бани - България
_9281530
852 _aЦб І 22250
856 4 _qpdf
_u
856 4 _qpdf
_u
942 _cKNG
_n0
944 _aCR
_c19.12.2016
_kСилвестър_Спасов
944 _aED
_c19.12.2016
_kГеновева_Генчева
999 _c189525
_d189525